000
00223nam a2200097Ia 4500
008
170619s9999 xx 000 0 und d
100
_a
BAGOD- V S
245
0
_a
INDUSTRIAL MANAGEMENT
260
_b
Pune : Tech. Pub.
260
_c
2007
546
_a
ENGLISH
999
_c
18408
_d
18408